The girl who owned a city / (Record no. 2020)

MARC details
000 -LEADER
fixed length control field 00514nam a22001817a 4500
005 - DATE AND TIME OF LATEST TRANSACTION
control field 20230328061049.0
008 - FIXED-LENGTH DATA ELEMENTS--GENERAL INFORMATION
fixed length control field 230328b |||||||| |||| 00| 0 eng d
020 ## - INTERNATIONAL STANDARD BOOK NUMBER
International Standard Book Number 0-440-92893-1
082 ## - DEWEY DECIMAL CLASSIFICATION NUMBER
Classification number Fic. N428 1975
100 ## - MAIN ENTRY--PERSONAL NAME
Personal name Nelson, O. Terry
Relator term author
245 ## - TITLE STATEMENT
Title The girl who owned a city /
Statement of responsibility, etc. O. T. [Terry] Nelson
260 ## - PUBLICATION, DISTRIBUTION, ETC.
Place of publication, distribution, etc. New York:
Name of publisher, distributor, etc. Bantam Doubleday Dell Publishing,
Date of publication, distribution, etc. c1975
300 ## - PHYSICAL DESCRIPTION
Extent 189p.
541 ## - IMMEDIATE SOURCE OF ACQUISITION NOTE
Accession number 5492
650 ## - SUBJECT ADDED ENTRY--TOPICAL TERM
Topical term or geographic name entry element Plague - Fiction
650 ## - SUBJECT ADDED ENTRY--TOPICAL TERM
Topical term or geographic name entry element Survival - Fiction
650 ## - SUBJECT ADDED ENTRY--TOPICAL TERM
Topical term or geographic name entry element Science fiction
Holdings
Withdrawn status Lost status Source of classification or shelving scheme Damaged status Not for loan Home library Current library Date acquired Total Checkouts Full call number Barcode Date last seen Copy number Price effective from Koha item type
    Dewey Decimal Classification     ctu-moalboal ctu-moalboal 12/03/2018   Fic. N428 1975 5492 03/28/2023 1 03/28/2023 Books-Fiction